A language testing handbook

Αποθηκεύτηκε σε:
Λεπτομέρειες βιβλιογραφικής εγγραφής
Κύριος συγγραφέας: Harrison, Andrew
Μορφή: Βιβλίο
Γλώσσα:English
Δημοσίευση: London : Macmillan, 1983
Σειρά:Essential language teaching series
Θέματα:
Ετικέτες: Προσθήκη ετικέτας
Δεν υπάρχουν, Καταχωρήστε ετικέτα πρώτοι!

MARC

LEADER 00000nam a2200000 i 4500
001 1/80960
008 960612s1983 eng d
020 |a 0-333-27174-2 
035 |a 1988  |b 3  |c Αγορά/Πολεμικού  |l 10033574 
040 |a GR-MY-UA  |b gre  |e aacr 
041 0 |a eng 
082 0 |a 418.0076 
100 1 |a Harrison, Andrew. 
245 1 2 |a A language testing handbook /  |c Andrew Harrison 
260 |a London :   |b Macmillan,   |c 1983 
300 |a 145 p. 
490 1 |a Essential language teaching series 
650 0 0 |a Language and languages  |x Study and teaching  |z Great Britain. 
650 0 0 |a Language and languages  |x Ability testing. 
650 0 0 |a English language  |x Ability testing. 
830 0 |a Essential language teaching series 
852 |a INST  |b RHODES  |e 19960612  |h 418.0076 HAR  |p 005400003934  |q 005400003934  |t BK  |y 0 
909 |a Ρ  |b 011895  |c 1988